[Event "V4 Liptov 2017"]
[Site "?"]
[Date "2017.06.25"]
[Round "7.11"]
[White "Wasik, Mateusz"]
[Black "Havel, Kristian"]
[Result "1-0"]
[BlackElo "1447"]
[WhiteElo "1484"]
[LiveChessVersion "1.4.8"]

1. d4 {[%clk 1:01:22]} f5 {[%clk 1:01:15]} 2. c4 {[%clk 1:01:40]} Nf6 3. Nc3 e6
{[%clk 1:01:35]} 4. Nf3 {[%clk 1:01:48]} Be7 {[%clk 1:01:55]} 5. g3
{[%clk 1:02:12]} O-O {[%clk 1:01:39]} 6. Bg2 {[%clk 1:02:32]} c6 {[%clk 1:01:50]}
7. O-O {[%clk 1:02:22]} d5 {[%clk 1:02:09]} 8. Qc2 {[%clk 0:58:39]} Bd7
{[%clk 0:59:08]} 9. Bf4 {[%clk 0:56:08]} Ne4 {[%clk 0:58:00]} 10. h4
{[%clk 0:54:50]} Be8 {[%clk 0:52:16]} 11. a3 {[%clk 0:53:19]} Nd7
{[%clk 0:45:09]} 12. b4 {[%clk 0:48:09]} Nb6 {[%clk 0:40:17]} 13. c5
{[%clk 0:48:14]} Nc4 {[%clk 0:40:30]} 14. Rfb1 {[%clk 0:46:28]} h6
{[%clk 0:38:07]} 15. Ne5 {[%clk 0:44:48]} g5 {[%clk 0:34:25]} 16. hxg5
{[%clk 0:43:22]} hxg5 {[%clk 0:34:48]} 17. Bc1 {[%clk 0:37:18]} Nxe5
{[%clk 0:34:29]} 18. dxe5 {[%clk 0:37:39]} Qc7 {[%clk 0:27:38]} 19. Nxe4
{[%clk 0:36:02]} dxe4 {[%clk 0:26:52]} 20. Bb2 {[%clk 0:35:56]} Rd8
{[%clk 0:26:14]} 21. Rd1 {[%clk 0:36:21]} Bh5 {[%clk 0:26:17]} 22. f3
{[%clk 0:33:01]} exf3 {[%clk 0:24:43]} 23. exf3 {[%clk 0:33:00]} Rxd1+
{[%clk 0:21:27]} 24. Rxd1 {[%clk 0:33:19]} Rd8 {[%clk 0:21:42]} 25. Kf2
{[%clk 0:29:39]} Kf7 {[%clk 0:16:38]} 26. Bf1 {[%clk 0:29:01]} Rxd1
{[%clk 0:16:36]} 27. Qxd1 {[%clk 0:29:29]} Qd8 {[%clk 0:16:59]} 28. Qc2
{[%clk 0:27:05]} Bg6 {[%clk 0:16:47]} 29. Bc4 {[%clk 0:25:59]} Qd7
{[%clk 0:13:55]} 30. Bd3 {[%clk 0:25:18]} Qd5 {[%clk 0:12:39]} 31. g4
{[%clk 0:25:13]} Qd7 {[%clk 0:11:36]} 32. gxf5 {[%clk 0:23:41]} Bxf5
{[%clk 0:11:26]} 33. Bxf5 {[%clk 0:23:57]} exf5 {[%clk 0:11:37]} 34. Ke2
{[%clk 0:23:38]} Qd5 {[%clk 0:11:17]} 35. Qxf5+ {[%clk 0:23:56]} Kg7
{[%clk 0:10:58]} 36. e6+ {[%clk 0:23:30]} 1-0

[Event "V4 Liptov 2017"]
[Site "?"]
[Date "2017.06.25"]
[Round "7.12"]
[White "Janosova, Katerina Anna"]
[Black "Waszczuk, Patrycja"]
[Result "0-1"]
[BlackElo "1774"]
[WhiteElo "1334"]
[LiveChessVersion "1.4.8"]

1. e4 {[%clk 1:00:50]} c5 {[%clk 1:00:57]} 2. Nf3 {[%clk 1:00:59]} a6
{[%clk 1:01:07]} 3. Nc3 {[%clk 1:01:16]} b5 {[%clk 1:01:11]} 4. d4
{[%clk 1:00:56]} cxd4 {[%clk 1:01:35]} 5. Nxd4 {[%clk 1:01:08]} Bb7
{[%clk 1:01:04]} 6. a3 {[%clk 0:59:07]} e6 {[%clk 1:00:50]} 7. Bd3
{[%clk 0:57:32]} d6 {[%clk 0:58:46]} 8. Be3 {[%clk 0:56:43]} Nf6 {[%clk 0:59:08]}
9. O-O {[%clk 0:56:03]} Be7 {[%clk 0:59:25]} 10. Qf3 {[%clk 0:54:53]} Nbd7
{[%clk 0:52:08]} 11. Qg3 {[%clk 0:53:31]} g6 {[%clk 0:51:01]} 12. Bh6
{[%clk 0:53:12]} Qb6 {[%clk 0:50:30]} 13. Be3 {[%clk 0:36:06]} Qc7
{[%clk 0:48:12]} 14. Bh6 {[%clk 0:35:29]} Nc5 {[%clk 0:46:08]} 15. Qf3
{[%clk 0:30:34]} Rg8 {[%clk 0:43:54]} 16. b4 {[%clk 0:25:41]} Nxd3
{[%clk 0:43:18]} 17. Qxd3 {[%clk 0:24:10]} Rc8 {[%clk 0:42:58]} 18. Bd2
{[%clk 0:23:16]} e5 {[%clk 0:41:02]} 19. Nf3 {[%clk 0:19:57]} Qc4
{[%clk 0:41:08]} 20. Rfe1 {[%clk 0:16:37]} Nd7 {[%clk 0:39:57]} 21. Rac1
{[%clk 0:14:12]} Nb6 {[%clk 0:37:42]} 22. Qe3 {[%clk 0:13:14]} Nd7
{[%clk 0:36:33]} 23. Ng5 {[%clk 0:12:00]} h6 {[%clk 0:36:16]} 24. Nf3
{[%clk 0:11:06]} g5 {[%clk 0:36:00]} 25. h3 {[%clk 0:11:00]} Nf6 {[%clk 0:36:07]}
26. Qd3 {[%clk 0:11:08]} Nh5 {[%clk 0:35:43]} 27. Nd5 {[%clk 0:10:59]} Bxd5
{[%clk 0:35:59]} 28. Qxd5 {[%clk 0:10:49]} Qxd5 {[%clk 0:36:27]} 29. exd5
{[%clk 0:11:05]} Nf6 {[%clk 0:36:48]} 30. Be3 {[%clk 0:10:29]} Nxd5
{[%clk 0:37:08]} 31. Red1 {[%clk 0:10:19]} Nxe3 {[%clk 0:37:27]} 32. fxe3
{[%clk 0:10:35]} f5 {[%clk 0:37:43]} 33. Re1 {[%clk 0:09:42]} Rc3
{[%clk 0:38:05]} 34. e4 {[%clk 0:09:54]} f4 {[%clk 0:38:24]} 35. Red1
{[%clk 0:09:51]} Kf7 {[%clk 0:38:40]} 36. Rd3 {[%clk 0:09:29]} Rgc8
{[%clk 0:39:02]} 37. Ne1 {[%clk 0:09:49]} Rxd3 {[%clk 0:39:12]} 38. Nxd3
{[%clk 0:09:42]} Rc3 {[%clk 0:39:36]} 39. Ne1 {[%clk 0:08:30]} Rxa3
{[%clk 0:39:55]} 40. c3 {[%clk 0:08:49]} Ra2 {[%clk 0:40:20]} 41. Nc2
{[%clk 0:09:02]} Ke6 {[%clk 0:40:39]} 42. Kf2 {[%clk 0:09:09]} d5
{[%clk 0:41:02]} 43. Kf3 {[%clk 0:08:54]} Rb2 {[%clk 0:41:14]} 44. Ne1
{[%clk 0:08:11]} dxe4+ {[%clk 0:41:29]} 45. Kxe4 {[%clk 0:08:07]} Re2+
{[%clk 0:41:53]} 46. Kd3 {[%clk 0:07:49]} Re3+ {[%clk 0:42:18]} 47. Kd2
{[%clk 0:07:53]} Bf6 {[%clk 0:40:12]} 48. Nd3 {[%clk 0:07:11]} Rg3
{[%clk 0:40:24]} 49. Ne1 {[%clk 0:06:12]} e4 {[%clk 0:40:48]} 50. Rc2
{[%clk 0:05:34]} Kd5 {[%clk 0:41:02]} 51. Rc1 {[%clk 0:05:02]} Kc4
{[%clk 0:41:22]} 0-1

[Event "V4 Liptov 2017"]
[Site "?"]
[Date "2017.06.25"]
[Round "7.13"]
[White "Volaninova, Sarka"]
[Black "Ochmyt, Jakub"]
[Result "0-1"]
[BlackElo "1711"]
[WhiteElo "1724"]
[LiveChessVersion "1.4.8"]

1. c4 {[%clk 1:00:59]} e5 {[%clk 1:00:55]} 2. Nc3 {[%clk 1:01:12]} Nf6
{[%clk 1:00:59]} 3. g3 {[%clk 1:01:20]} Bc5 {[%clk 1:00:56]} 4. Bg2
{[%clk 1:00:34]} Nc6 {[%clk 1:00:50]} 5. d3 {[%clk 1:00:05]} O-O {[%clk 0:59:36]}
6. Nf3 {[%clk 0:59:47]} d6 {[%clk 0:58:33]} 7. O-O {[%clk 0:57:56]} Bf5
{[%clk 0:57:18]} 8. Nd2 {[%clk 0:55:34]} Qd7 {[%clk 0:54:43]} 9. Nde4
{[%clk 0:54:45]} Nxe4 {[%clk 0:54:57]} 10. Nxe4 {[%clk 0:54:46]} Bb6
{[%clk 0:55:08]} 11. a3 {[%clk 0:54:10]} a5 {[%clk 0:54:48]} 12. Bd2
{[%clk 0:53:42]} Bg4 {[%clk 0:51:25]} 13. Bc3 {[%clk 0:48:14]} f5
{[%clk 0:45:53]} 14. Nd2 {[%clk 0:45:09]} f4 {[%clk 0:37:37]} 15. Ne4
{[%clk 0:40:24]} Nd4 {[%clk 0:36:27]} 16. Bxd4 {[%clk 0:35:48]} Bxd4
{[%clk 0:36:56]} 17. Rb1 {[%clk 0:35:07]} c6 {[%clk 0:35:17]} 18. Qd2
{[%clk 0:33:45]} h6 {[%clk 0:28:39]} 19. b4 {[%clk 0:32:42]} d5 {[%clk 0:26:37]}
20. cxd5 {[%clk 0:32:19]} cxd5 {[%clk 0:26:05]} 21. Nc3 {[%clk 0:32:20]} Bxc3
{[%clk 0:26:11]} 22. Qxc3 {[%clk 0:32:36]} Bxe2 {[%clk 0:26:03]} 23. Rfe1
{[%clk 0:32:12]} f3 {[%clk 0:24:12]} 24. Rxe2 {[%clk 0:32:13]} fxe2
{[%clk 0:23:36]} 25. Re1 {[%clk 0:32:13]} axb4 {[%clk 0:22:43]} 26. Qxb4
{[%clk 0:31:41]} Rad8 {[%clk 0:20:53]} 27. Rxe2 {[%clk 0:31:50]} Rfe8
{[%clk 0:20:21]} 28. h3 Re7 {[%clk 0:17:49]} 29. Rc2 {[%clk 0:24:57]} Qd6
{[%clk 0:16:19]} 30. Qxd6 {[%clk 0:24:59]} Rxd6 {[%clk 0:16:46]} 31. Rc5
{[%clk 0:24:54]} Red7 {[%clk 0:15:53]} 32. Kh2 {[%clk 0:24:14]} b6
{[%clk 0:15:51]} 33. Rb5 Kf7 34. a4 {[%clk 0:24:20]} Kf6 {[%clk 0:15:57]} 35. g4
{[%clk 0:24:22]} g5 {[%clk 0:16:07]} 36. Kg3 {[%clk 0:24:31]} Ke6
{[%clk 0:15:55]} 37. a5 {[%clk 0:24:21]} bxa5 {[%clk 0:16:08]} 38. Rxa5
{[%clk 0:24:41]} Rf7 {[%clk 0:15:07]} 39. Ra8 {[%clk 0:22:45]} Rf4
{[%clk 0:15:10]} 40. Rh8 {[%clk 0:22:52]} Kf7 {[%clk 0:15:19]} 41. Ra8
{[%clk 0:22:51]} Rd4 {[%clk 0:15:18]} 42. Ra3 {[%clk 0:23:02]} Rf6
{[%clk 0:14:37]} 43. Ra7+ {[%clk 0:22:24]} Ke6 {[%clk 0:12:10]} 44. Ra6+
{[%clk 0:22:44]} Ke7 {[%clk 0:12:37]} 45. Ra7+ {[%clk 0:23:02]} Kf8
{[%clk 0:12:40]} 46. Ra8+ {[%clk 0:23:26]} Kg7 {[%clk 0:12:55]} 47. Ra7+
{[%clk 0:23:45]} Kg6 {[%clk 0:13:06]} 48. Ra3 {[%clk 0:22:34]} Rb6
{[%clk 0:09:49]} 49. Rc3 {[%clk 0:22:25]} Ra6 {[%clk 0:09:32]} 50. Rb3
{[%clk 0:22:39]} Rf6 {[%clk 0:09:43]} 51. Ra3 {[%clk 0:22:48]} e4
{[%clk 0:08:09]} 52. dxe4 {[%clk 0:23:05]} dxe4 {[%clk 0:08:37]} 53. Re3
{[%clk 0:23:09]} Re6 {[%clk 0:08:01]} 54. h4 Kf6 {[%clk 0:07:53]} 55. h5
{[%clk 0:17:39]} Rd3 {[%clk 0:07:44]} 56. Kh2 {[%clk 0:17:30]} Rxe3
{[%clk 0:07:42]} 57. fxe3 {[%clk 0:17:59]} Ke5 {[%clk 0:07:55]} 58. Kg3
{[%clk 0:17:41]} Kd5 {[%clk 0:07:52]} 59. Bf1 {[%clk 0:17:41]} Kc5
{[%clk 0:08:09]} 60. Be2 {[%clk 0:17:16]} Rf6 {[%clk 0:07:44]} 61. Bd1
{[%clk 0:16:10]} Kc4 {[%clk 0:07:50]} 62. Bc2 {[%clk 0:15:59]} Rf3+
{[%clk 0:08:05]} 63. Kg2 {[%clk 0:16:24]} Rxe3 {[%clk 0:08:28]} 64. Kf2
{[%clk 0:16:37]} Rf3+ {[%clk 0:08:49]} 65. Ke2 {[%clk 0:16:18]} Kd4
{[%clk 0:09:10]} 0-1

[Event "V4 Liptov 2017"]
[Site "?"]
[Date "2017.06.25"]
[Round "7.14"]
[White "Szotkowski, David"]
[Black "Ptacek, Jan"]
[Result "1-0"]
[BlackElo "1705"]
[WhiteElo "1901"]
[LiveChessVersion "1.4.8"]

1. d4 {[%clk 1:00:56]} Nf6 {[%clk 1:00:53]} 2. c4 {[%clk 1:01:20]} c5
{[%clk 1:01:18]} 3. d5 {[%clk 1:01:31]} e6 {[%clk 1:01:30]} 4. Nc3
{[%clk 1:01:05]} exd5 {[%clk 1:01:51]} 5. cxd5 {[%clk 1:00:08]} d6
{[%clk 1:02:07]} 6. e4 {[%clk 0:59:57]} g6 {[%clk 1:02:19]} 7. g3
{[%clk 0:58:14]} Bg7 {[%clk 1:01:24]} 8. Bg2 {[%clk 0:58:23]} O-O
{[%clk 1:01:06]} 9. Nge2 {[%clk 0:58:27]} Re8 {[%clk 0:59:25]} 10. O-O
{[%clk 0:58:31]} a6 {[%clk 0:53:07]} 11. a4 {[%clk 0:57:52]} Nbd7
{[%clk 0:52:41]} 12. Qc2 {[%clk 0:57:35]} Rb8 {[%clk 0:52:23]} 13. a5
{[%clk 0:57:22]} b5 {[%clk 0:49:34]} 14. axb6 {[%clk 0:57:21]} Rxb6
{[%clk 0:47:53]} 15. Nf4 {[%clk 0:50:16]} Nh5 {[%clk 0:44:40]} 16. Nxh5
{[%clk 0:49:22]} gxh5 {[%clk 0:45:09]} 17. Bd2 {[%clk 0:44:07]} Ne5
{[%clk 0:36:31]} 18. Na4 {[%clk 0:38:36]} Rb4 {[%clk 0:35:30]} 19. Bxb4
{[%clk 0:37:03]} cxb4 {[%clk 0:35:56]} 20. Rac1 {[%clk 0:33:59]} Bd7
{[%clk 0:33:45]} 21. b3 {[%clk 0:28:26]} Bb5 {[%clk 0:22:38]} 22. Rfd1
{[%clk 0:27:31]} Bxa4 {[%clk 0:18:01]} 23. bxa4 {[%clk 0:27:28]} Bh6
{[%clk 0:18:24]} 24. Rb1 {[%clk 0:25:38]} a5 {[%clk 0:18:01]} 25. h3
{[%clk 0:24:47]} Re7 {[%clk 0:15:42]} 26. f4 {[%clk 0:21:17]} Rc7
{[%clk 0:15:06]} 27. Qe2 {[%clk 0:20:39]} Nc4 {[%clk 0:14:27]} 28. Qxh5
{[%clk 0:20:12]} Bg7 {[%clk 0:14:31]} 29. Qe2 {[%clk 0:19:09]} Qd7
{[%clk 0:13:23]} 30. Rbc1 {[%clk 0:15:41]} Bc3 {[%clk 0:13:11]} 31. e5
{[%clk 0:06:20]} Qe8 {[%clk 0:09:13]} 32. Qg4+ {[%clk 0:03:47]} Kh8
{[%clk 0:09:25]} 33. exd6 {[%clk 0:02:04]} Nxd6 {[%clk 0:09:44]} 34. Qg5
{[%clk 0:01:42]} f6 {[%clk 0:07:57]} 35. Qg4 {[%clk 0:01:12]} Qe3+
{[%clk 0:06:46]} 36. Kh2 {[%clk 0:01:33]} Qe7 {[%clk 0:05:34]} 37. Qe6
{[%clk 0:01:31]} Kg7 {[%clk 0:04:35]} 38. h4 {[%clk 0:01:05]} Nc4
{[%clk 0:03:47]} 39. Qxe7+ {[%clk 0:00:42]} Rxe7 {[%clk 0:04:16]} 40. d6
{[%clk 0:00:59]} Rd7 {[%clk 0:04:45]} 41. Bh3 {[%clk 0:00:44]} Rxd6
{[%clk 0:04:04]} 42. Rxd6 {[%clk 0:01:12]} Nxd6 {[%clk 0:04:28]} 43. Rd1
{[%clk 0:01:39]} Ne4 {[%clk 0:04:22]} 44. Rd7+ {[%clk 0:01:46]} Kg6
{[%clk 0:04:51]} 45. h5+ {[%clk 0:01:52]} 1-0

[Event "V4 Liptov 2017"]
[Site "?"]
[Date "2017.06.25"]
[Round "7.15"]
[White "Cipl, Jan"]
[Black "Demko, Robert"]
[Result "0-1"]
[BlackElo "1730"]
[WhiteElo "1310"]
[LiveChessVersion "1.4.8"]

1. e4 {[%clk 1:00:57]} c5 {[%clk 0:57:35]} 2. Nf3 {[%clk 1:00:59]} d6
{[%clk 0:57:50]} 3. d4 {[%clk 1:00:50]} cxd4 {[%clk 0:58:15]} 4. Nxd4
{[%clk 1:01:09]} Nf6 {[%clk 0:58:29]} 5. Nc3 {[%clk 1:00:46]} a6 {[%clk 0:58:50]}
6. Bc4 {[%clk 1:00:35]} e6 {[%clk 0:57:43]} 7. Bb3 {[%clk 0:59:38]} Nbd7
{[%clk 0:57:42]} 8. Bg5 {[%clk 0:57:57]} Nc5 {[%clk 0:55:09]} 9. Bc4
{[%clk 0:54:57]} Be7 {[%clk 0:53:51]} 10. Qf3 {[%clk 0:52:14]} O-O
{[%clk 0:52:02]} 11. O-O {[%clk 0:45:45]} Qc7 {[%clk 0:46:47]} 12. Be2
{[%clk 0:43:34]} b5 {[%clk 0:43:47]} 13. e5 {[%clk 0:37:40]} dxe5
{[%clk 0:38:37]} 14. Qxa8 {[%clk 0:30:45]} exd4 {[%clk 0:37:38]} 15. Bxf6
{[%clk 0:27:54]} Bxf6 {[%clk 0:36:03]} 16. Ne4 {[%clk 0:24:19]} Bb7
{[%clk 0:35:42]} 17. Nxf6+ {[%clk 0:24:40]} gxf6 {[%clk 0:36:08]} 18. Qxf8+
{[%clk 0:22:49]} Kxf8 {[%clk 0:36:31]} 19. Rac1 {[%clk 0:22:50]} Qf4
{[%clk 0:32:31]} 20. Rfd1 {[%clk 0:20:06]} e5 {[%clk 0:30:40]} 21. Rb1
{[%clk 0:16:04]} Qg5 {[%clk 0:29:57]} 22. f3 {[%clk 0:16:06]} Ne6
{[%clk 0:29:22]} 23. g3 {[%clk 0:14:08]} Qe3+ {[%clk 0:28:57]} 24. Kf1
{[%clk 0:14:12]} Bxf3 {[%clk 0:29:11]} 25. Re1 {[%clk 0:13:39]} Ng5
{[%clk 0:28:31]} 26. Rbd1 {[%clk 0:12:19]} Nh3 {[%clk 0:27:23]} 27. Bxf3
{[%clk 0:10:23]} Qf2# {[%clk 0:27:18]} 0-1

[Event "V4 Liptov 2017"]
[Site "?"]
[Date "2017.06.25"]
[Round "7.17"]
[White "Hrebicik, David"]
[Black "Grimm, Balazs"]
[Result "1/2-1/2"]
[BlackElo "1737"]
[WhiteElo "1775"]
[LiveChessVersion "1.4.8"]

1. d4 {[%clk 1:00:57]} Nf6 {[%clk 1:00:53]} 2. c4 {[%clk 1:01:22]} g6
{[%clk 1:01:13]} 3. Nc3 {[%clk 1:01:46]} d5 {[%clk 1:01:32]} 4. cxd5
{[%clk 1:01:58]} Nxd5 {[%clk 1:01:58]} 5. e4 {[%clk 1:02:09]} Nxc3
{[%clk 1:02:20]} 6. bxc3 {[%clk 1:02:34]} Bg7 {[%clk 1:02:41]} 7. Nf3
{[%clk 0:59:09]} O-O {[%clk 1:03:01]} 8. Be3 {[%clk 0:56:36]} c5 {[%clk 1:02:52]}
9. Rc1 {[%clk 0:54:56]} cxd4 {[%clk 1:03:06]} 10. cxd4 {[%clk 0:54:59]} Bg4
{[%clk 1:03:23]} 11. Be2 {[%clk 0:53:57]} Nc6 {[%clk 1:03:39]} 12. d5
{[%clk 0:49:40]} Ne5 {[%clk 1:03:08]} 13. Nxe5 {[%clk 0:40:30]} Bxe2
{[%clk 1:02:23]} 14. Qxe2 {[%clk 0:40:52]} Bxe5 {[%clk 1:02:47]} 15. O-O
{[%clk 0:39:18]} Bg7 {[%clk 1:02:08]} 16. Qb5 {[%clk 0:35:52]} b6
{[%clk 1:01:56]} 17. Rc6 {[%clk 0:30:50]} f5 {[%clk 1:01:34]} 18. f3
{[%clk 0:25:13]} fxe4 {[%clk 1:01:25]} 19. fxe4 {[%clk 0:25:35]} Rxf1+
{[%clk 1:01:49]} 20. Qxf1 {[%clk 0:25:57]} Qd7 {[%clk 1:02:04]} 21. Qc4
{[%clk 0:15:58]} Kh8 {[%clk 1:02:17]} 22. h3 {[%clk 0:15:46]} Be5
{[%clk 0:59:27]} 23. Bd4 {[%clk 0:10:52]} Bg7 {[%clk 0:59:37]} 24. Qc3
{[%clk 0:10:26]} Bxd4+ {[%clk 0:59:39]} 25. Qxd4+ {[%clk 0:10:54]} Kg8
{[%clk 0:59:55]} 26. Qc4 {[%clk 0:04:47]} Kg7 {[%clk 0:58:34]} 27. e5
{[%clk 0:03:14]} Qf5 {[%clk 0:57:08]} 28. Re6 {[%clk 0:02:20]} Qg5
{[%clk 0:56:00]} 29. Qc7 {[%clk 0:01:22]} Re8 {[%clk 0:56:22]} 30. Qc3
{[%clk 0:00:43]} Kf8 {[%clk 0:55:15]} 31. Qf3+ {[%clk 0:00:55]} Kg8
{[%clk 0:54:31]} 32. d6 {[%clk 0:00:50]} Rf8 {[%clk 0:53:46]} 33. Qc3
{[%clk 0:00:42]} exd6 {[%clk 0:53:02]} 34. exd6 {[%clk 0:00:39]} Qf5
{[%clk 0:53:14]} 35. Re7 {[%clk 0:00:33]} Qf2+ {[%clk 0:52:36]} 36. Kh2
{[%clk 0:00:34]} Qf4+ {[%clk 0:52:37]} 37. Qg3 {[%clk 0:00:34]} Qf6
{[%clk 0:52:52]} 38. Qd3 {[%clk 0:00:36]} Qf4+ {[%clk 0:53:06]} 39. Kh1
{[%clk 0:00:40]} Qc1+ {[%clk 0:53:25]} 40. Kh2 {[%clk 0:00:51]} Qf4+
{[%clk 0:53:49]} 41. Qg3 {[%clk 0:00:48]} Qf6 {[%clk 0:54:07]} 42. Rxa7
{[%clk 0:00:55]} Rd8 {[%clk 0:53:50]} 43. Qb3+ {[%clk 0:00:39]} Kh8
{[%clk 0:54:14]} 44. d7 {[%clk 0:00:34]} Qd6+ {[%clk 0:54:10]} 45. Qg3
{[%clk 0:00:46]} Rxd7 {[%clk 0:54:07]} 46. Rxd7 {[%clk 0:00:32]} Qxd7
{[%clk 0:54:32]} 47. Qb8+ {[%clk 0:00:57]} Kg7 {[%clk 0:54:50]} 48. Qxb6
{[%clk 0:01:20]} Qa4 {[%clk 0:55:00]} 49. Qc7+ {[%clk 0:01:07]} Kh6
{[%clk 0:55:11]} 50. Qf7 {[%clk 0:01:11]} Qd4 {[%clk 0:54:30]} 51. Qf8+
{[%clk 0:01:01]} Kh5 {[%clk 0:54:39]} 52. g4+ {[%clk 0:00:42]} Kg5
{[%clk 0:54:30]} 53. Qe7+ {[%clk 0:00:50]} Kh6 {[%clk 0:54:30]} 54. Qf8+
{[%clk 0:00:36]} Kg5 {[%clk 0:54:46]} 55. Qe7+ {[%clk 0:00:44]} Kh6
{[%clk 0:55:03]} 56. Qb7 {[%clk 0:00:38]} Qf4+ {[%clk 0:54:44]} 57. Kh1
{[%clk 0:00:34]} Qf1+ {[%clk 0:54:59]} 58. Kh2 {[%clk 0:00:55]} Qf4+
{[%clk 0:55:22]} 1/2-1/2

[Event "V4 Liptov 2017"]
[Site "?"]
[Date "2017.06.25"]
[Round "7.18"]
[White "Zlotov, Viktor"]
[Black "Bielik, Jakub"]
[Result "0-1"]
[BlackElo "1879"]
[WhiteElo "1635"]
[LiveChessVersion "1.4.8"]

1. e4 {[%clk 1:00:58]} e6 {[%clk 1:00:55]} 2. d4 {[%clk 1:01:23]} d5
{[%clk 1:01:19]} 3. Nc3 {[%clk 1:01:47]} Nf6 {[%clk 1:01:19]} 4. Bg5
{[%clk 1:01:41]} dxe4 {[%clk 1:01:35]} 5. Nxe4 {[%clk 1:02:04]} Be7
{[%clk 1:01:55]} 6. Bxf6 {[%clk 1:02:16]} gxf6 {[%clk 1:02:10]} 7. Nf3
{[%clk 1:01:58]} f5 {[%clk 1:01:49]} 8. Nc3 {[%clk 1:01:48]} a6 {[%clk 0:58:28]}
9. Qd2 {[%clk 0:58:31]} Nc6 {[%clk 0:57:14]} 10. O-O-O {[%clk 0:58:33]} Bf6
{[%clk 0:55:29]} 11. d5 {[%clk 0:54:53]} Nb4 {[%clk 0:43:40]} 12. Kb1
{[%clk 0:53:47]} c6 {[%clk 0:43:46]} 13. dxe6 {[%clk 0:52:33]} Bxe6
{[%clk 0:43:16]} 14. Qe3 {[%clk 0:49:39]} Qe7 {[%clk 0:36:20]} 15. Nd4
{[%clk 0:46:09]} O-O-O {[%clk 0:30:25]} 16. Be2 {[%clk 0:41:20]} c5
{[%clk 0:19:18]} 17. Nxe6 {[%clk 0:37:41]} fxe6 {[%clk 0:19:31]} 18. Bf3
{[%clk 0:35:49]} Bd4 {[%clk 0:16:59]} 19. Qe1 {[%clk 0:33:08]} Qe8
{[%clk 0:10:50]} 20. a3 {[%clk 0:31:10]} Nc6 {[%clk 0:07:48]} 21. Ne2
{[%clk 0:28:32]} Bf6 {[%clk 0:07:16]} 22. Bxc6 {[%clk 0:28:00]} Qxc6
{[%clk 0:07:18]} 23. Nf4 {[%clk 0:27:47]} Rhe8 {[%clk 0:06:54]} 24. Rxd8+
{[%clk 0:27:27]} Bxd8 {[%clk 0:07:07]} 25. f3 {[%clk 0:25:59]} Bf6
{[%clk 0:06:22]} 26. Qe3 {[%clk 0:23:58]} Bg5 {[%clk 0:05:14]} 27. g3
{[%clk 0:23:47]} e5 {[%clk 0:05:06]} 28. Qd3 {[%clk 0:24:09]} Bxf4
{[%clk 0:02:37]} 29. gxf4 {[%clk 0:24:31]} e4 {[%clk 0:02:48]} 30. fxe4
{[%clk 0:24:08]} Qxe4 {[%clk 0:02:43]} 31. Qf1 {[%clk 0:23:29]} Rg8
{[%clk 0:02:26]} 32. Rg1 {[%clk 0:21:28]} Rxg1 {[%clk 0:02:42]} 33. Qxg1
{[%clk 0:21:53]} Qxf4 {[%clk 0:02:17]} 34. Qg8+ {[%clk 0:22:17]} Kc7
{[%clk 0:02:39]} 35. Qxh7+ {[%clk 0:22:41]} Kb6 {[%clk 0:03:04]} 36. Qh3
{[%clk 0:20:55]} Qf2 {[%clk 0:03:05]} 37. Qb3+ {[%clk 0:15:20]} Ka7
{[%clk 0:03:25]} 38. Qd5 {[%clk 0:15:44]} f4 {[%clk 0:03:08]} 39. h4
{[%clk 0:15:45]} f3 {[%clk 0:03:04]} 40. h5 {[%clk 0:15:29]} Qe3 {[%clk 0:03:13]}
41. Ka2 {[%clk 0:14:04]} f2 {[%clk 0:03:13]} 42. Qf5 {[%clk 0:14:10]} Qd4
{[%clk 0:03:00]} 43. b3 {[%clk 0:12:27]} c4 {[%clk 0:02:38]} 44. Kb1
{[%clk 0:08:00]} Qd1+ {[%clk 0:02:10]} 45. Kb2 {[%clk 0:08:22]} f1=Q
{[%clk 0:02:25]} 46. Qc5+ {[%clk 0:08:28]} Kb8 {[%clk 0:02:39]} 47. Qe5+
{[%clk 0:08:28]} Kc8 {[%clk 0:02:39]} 48. Qe8+ {[%clk 0:07:49]} Qd8
{[%clk 0:02:51]} 49. Qe6+ {[%clk 0:08:08]} Kb8 {[%clk 0:02:56]} 0-1

[Event "V4 Liptov 2017"]
[Site "?"]
[Date "2017.06.25"]
[Round "7.19"]
[White "Tomcikova, Zuzana"]
[Black "Schmidt, Richard"]
[Result "1-0"]
[BlackElo "1363"]
[WhiteElo "1736"]
[LiveChessVersion "1.4.8"]

1. e4 {[%clk 1:00:58]} c5 {[%clk 1:00:51]} 2. Nc3 {[%clk 1:01:09]} Nc6
{[%clk 1:01:10]} 3. Bb5 {[%clk 1:01:25]} d6 {[%clk 1:01:07]} 4. d3
{[%clk 1:01:04]} Bd7 {[%clk 1:01:22]} 5. Bxc6 {[%clk 1:00:50]} Bxc6
{[%clk 1:01:42]} 6. f4 {[%clk 1:01:02]} g6 {[%clk 1:01:21]} 7. Nf3
{[%clk 1:01:16]} Bg7 {[%clk 1:01:29]} 8. O-O {[%clk 1:01:27]} Nf6
{[%clk 1:01:17]} 9. Qe1 {[%clk 1:00:10]} O-O {[%clk 1:01:26]} 10. Qh4
{[%clk 0:58:59]} h5 {[%clk 0:59:09]} 11. f5 {[%clk 0:56:07]} Qd7 {[%clk 0:57:52]}
12. Ng5 {[%clk 0:54:31]} Ng4 {[%clk 0:55:42]} 13. h3 {[%clk 0:53:48]} Bd4+
{[%clk 0:55:46]} 14. Kh1 {[%clk 0:54:09]} Nf2+ {[%clk 0:55:48]} 15. Rxf2
{[%clk 0:53:21]} Bxf2 {[%clk 0:56:07]} 16. Qxf2 {[%clk 0:53:48]} b5
{[%clk 0:52:25]} 17. Ne2 {[%clk 0:52:06]} b4 {[%clk 0:51:53]} 18. Qh4
{[%clk 0:52:13]} d5 {[%clk 0:51:36]} 19. Be3 {[%clk 0:48:44]} c4 {[%clk 0:49:37]}
20. Nf4 {[%clk 0:41:41]} cxd3 {[%clk 0:49:19]} 21. cxd3 {[%clk 0:41:59]} dxe4
{[%clk 0:49:35]} 22. dxe4 {[%clk 0:42:17]} Bb5 {[%clk 0:48:17]} 23. fxg6
{[%clk 0:40:45]} fxg6 {[%clk 0:48:31]} 24. Nxg6 {[%clk 0:40:47]} Rf1+
{[%clk 0:48:43]} 25. Rxf1 {[%clk 0:41:10]} Bxf1 {[%clk 0:49:06]} 26. Qxh5
{[%clk 0:40:47]} 1-0